Three Band Flags of The Americas - Statistics

General Stats
  • This quiz has been taken 311 times
  • The average score is 14 of 16
Answer Stats
Country % Correct
Peru
94%
Barbados
92%
Colombia
92%
Argentina
90%
Honduras
89%
Venezuela
89%
Guatemala
88%
Mexico
88%
Nicaragua
87%
El Salvador
86%
Ecuador
85%
Bolivia
84%
Paraguay
77%
Canada
74%
Saint Vincent and the Grenadines
71%
Belize
68%
No matching quizzes found
Score Distribution
Percent of People with Each Score
Percentile by Number Answered
Your Score History
You have not taken this quiz